00350nam a22001337a 450000500170000000800410001702000170005804100080007508200200008310000410010324500260014426000380017030000080020820180206115849.0160427b xxu||||| |||| 00| 0 eng d a81-702-939-X aeng b00270a005.133  aFarrar, Edward and Smith, Norman, E. aThe HTML Example Book aNew DelhibBPB Publishing, c2007 a492